3. Liga (DE) by badge. - Statistics

General Stats
  • This quiz has been taken 46 times
  • The average score is 14 of 20
Answer Stats
Picture Answer % Correct
Ingolstadt
94%
Jahn Regensburg
91%
Energie Cottbus
88%
Rot-Weiß Essen
88%
Hansa Rostock
85%
MSV Duisburg
85%
Wehen Wiesbaden
85%
Alemannia Aachen
76%
TSV 1860 München
76%
1. FC Saarbrücken
74%
TSV Havelse
74%
SSV Ulm
71%
VfL Osnabrück
71%
Viktoria Köln
68%
Waldhof Mannheim
65%
SC Verl
62%
1. FC Schweinfurt
59%
Erzgebirge Aue
59%
TSG Hoffenheim II
29%
VfB II Stuttgart
6%
No matching quizzes found
Score Distribution
Percent of People with Each Score
Percentile by Number Answered
Your Score History
You have not taken this quiz